| 000 | 01247cam a2200361 i 4500 | ||
|---|---|---|---|
| 001 | 18188936 | ||
| 003 | SISC | ||
| 005 | 20161124121241.0 | ||
| 008 | 140616s2015 njua b 001 0 eng d | ||
| 010 | _a 2014943265 | ||
| 020 | _a9780133498608 | ||
| 020 | _a0133498603 | ||
| 035 | _a(OCoLC)ocn869262691 | ||
| 040 |
_aBTCTA _beng _cBTCTA _dYDXCP _dCDX _dWSU _dCHVBK _dUAB _dBDX _dOCLCQ _erda _dDLC |
||
| 042 | _alccopycat | ||
| 050 | 0 | 0 |
_aHF 5691 _b.C343 2015 |
| 082 | 0 | 4 | _a650.01/513 |
| 100 | 1 | _aChambers, Michele. | |
| 245 | 1 | 0 |
_aAdvanced analytics methodologies : _bdriving business value with analytics / _cMichele Chambers, Thomas W. Dinsmore. |
| 260 |
_aNew Jersey : _bPearson Education, _c2015. |
||
| 300 |
_axi, 324 pages : _billustrations ; _c24 cm |
||
| 500 | _aIncludes bibliographical references and index. | ||
| 650 | 0 | _aBusiness mathematics. | |
| 650 | 0 |
_aBusiness education _xMathematics. |
|
| 650 | 0 |
_aBusiness _xMathematical models. |
|
| 650 | 7 |
_aData Mining. _2gnd |
|
| 650 | 7 |
_aDatenanalyse. _2gnd |
|
| 650 | 7 |
_aBusiness Intelligence. _2gnd |
|
| 700 | 1 | _aDinsmore, Thomas W. | |
| 906 |
_a7 _bcbc _ccopycat _d2 _encip _f20 _gy-gencatlg |
||
| 942 |
_2lcc _cBK |
||
| 999 |
_c305290 _d305290 |
||